000 00297nam a22001337a 4500
008 190305b xxu||||| |||| 00| 0 eng d
020 _a9780618388042
041 _aeng
080 _25th
_a510
100 _a36
101 _aMAT
245 _aCollege Trigonometry
_cAufmann,R.N
942 _2udc
_cBK
999 _c54502
_d54502